000 00881nam a2200289 i 4500
001 35748
003 BD-RjUL
005 20211209052354.0
008 140531s1981 nyu 001 0 eng
020 _z0871963779
035 _a(BD-RjUL)35843
040 _aDLC
_cDLC
_dBD-RjUL
_beng
041 _aeng
082 0 0 _a940.27
_219
_bCOE 1981
100 1 _aCook, Chris
_d1945-
_9108883
245 1 0 _aEuropean political facts, 1789-1848 /
_cChris Cook and John Paxton.
260 _aNew York :
_bFacts on File,
_cc1981.
300 _avi, 195 p. ;
_c24 cm.
504 _aIncludes index.
650 0 _aConstitutional history
_zEurope.
_9108884
651 0 _aEurope
_xPolitics and government
_y1789-1900.
_956031
651 0 _aEurope
_xEconomic conditions.
_9108885
700 1 _aPaxton, John
_ejoint author.
_9108886
942 _2ddc
_cBK
999 _c35748
_d35748